000 00732nam a2200277Ia 4500
001 33037
005 20240114001631.0
007 ta
008 061205s1995 g b000 u 465 u
020 _a0-632-02427-5
040 _aCotton College,Assam
041 _a465
082 _a622.1
_bEv 15 In
100 _aEvans, Anthony M. .
245 0 _aIntroduction to Mineral Exploration /
_cAnthony M.Evans.
_hTextual Documents
250 _a1st ed. /
260 _aLondon :
_bBlackwell Publishers Ltd ,
_c1995.
300 _a396p. ;
_c22cm.
504 _aIndex
653 _aGeology
653 _aMineral Exploration
653 _aDeptt.-Geology
942 _2ddc
_cBK
999 _c33019
_d33019